Nghiên cứu thành phần loài và đặc điểm phân bố của các loài cá ở khe suối, hồ thủy lợi, huyện Quế Sơn, tỉnh Quảng Nam
Xác định được danh sách và cấu trúc thành phần loài cá ở khe suối, hồ thủy lợi, huyện Quế Sơn, tỉnh Quảng Nam. Đánh giá được đặc điểm sinh thái, sự phân bố, tính đa dạng về thành phần loài cá ở khe suối, hồ thủy lợi, huyện Quế Sơn, tỉnh Quảng Nam. Tìm hiểu tình hình khai thác và đề xuất các biện phá...
Uloženo v:
| Hlavní autor: | |
|---|---|
| Další autoři: | |
| Médium: | Kniha |
| Jazyk: | Vietnamese |
| Vydáno: |
Đà Nẵng
Đại học Đà Nẵng
2014
|
| Témata: | |
| Tagy: |
Přidat tag
Žádné tagy, Buďte první, kdo otaguje tento záznam!
|
| Thư viện lưu trữ: | Mạng thư viện Đại học Đà Nẵng |
|---|
| LEADER | 01953nam a2200337 4500 | ||
|---|---|---|---|
| 001 | 000019456 | ||
| 003 | 15891 | ||
| 005 | 20140505100523.0 | ||
| 008 | 140505s2014 viesd | ||
| 041 | |a vie | ||
| 082 | 1 | 4 | |a 597.176 |b LÊ-H |
| 100 | |a Lê Thị Thu Hà | ||
| 245 | |a Nghiên cứu thành phần loài và đặc điểm phân bố của các loài cá ở khe suối, hồ thủy lợi, huyện Quế Sơn, tỉnh Quảng Nam |c Lê Thị Thu Hà ; Vũ Thị Phương Anh hướng dẫn. |k Luận văn Thạc sĩ | ||
| 260 | |a Đà Nẵng |b Đại học Đà Nẵng |c 2014 | ||
| 300 | |a 88 tr., phụ lục 34 tr. |c 29 cm. |e Tóm tắt | ||
| 500 | |a Luận văn thạc sĩ Khoa học. Chuyên ngành: Sinh thái học. Mã số: 60.42.60. | ||
| 520 | |a Xác định được danh sách và cấu trúc thành phần loài cá ở khe suối, hồ thủy lợi, huyện Quế Sơn, tỉnh Quảng Nam. Đánh giá được đặc điểm sinh thái, sự phân bố, tính đa dạng về thành phần loài cá ở khe suối, hồ thủy lợi, huyện Quế Sơn, tỉnh Quảng Nam. Tìm hiểu tình hình khai thác và đề xuất các biện pháp bảo vệ, phát triển bền vững nguồn lợi cá ở khe suối, hồ thủy lợi. | ||
| 650 | 0 | 4 | |a Cá nước ngọt |v Luận văn tốt nghiệp |x Nghiên cứu |z Quảng Nam |
| 653 | |a Sinh thái học | ||
| 653 | |a Cá nước ngọt | ||
| 700 | 1 | |a Vũ Thị Phương Anh |c TS. |e Hướng dẫn | |
| OWN | |a LSP | ||
| AVA | |a UDN50 |b LSP |d 597.176 LÊ-H |e available |t Error 5001 Not defined in file expand_doc_bib_avail. |f 1 |g 0 |h N |i 0 |k 1 | ||
| 999 | |a From the UDN01 | ||
| AVA | |a UDN50 |b LSP |d 597.176 LÊ-H |e available |t Error 5001 Not defined in file expand_doc_bib_avail. |f 1 |g 0 |h N |i 0 |k 1 | ||
| TYP | |a Monograph | ||
| TYP | |a Printed language | ||
| 980 | |a Mạng thư viện Đại học Đà Nẵng | ||